| 000 -LEADER |
| fixed length control field |
00358cam a22001217a 4500 |
| 008 - FIXED-LENGTH DATA ELEMENTS--GENERAL INFORMATION |
| fixed length control field |
180718b1965 xxu||||| |||| 00| 0 eng d |
| 082 ## - DEWEY DECIMAL CLASSIFICATION NUMBER |
| Classification number |
B11 H87 |
| 245 ## - TITLE STATEMENT |
| Title |
Man and politics |
| Statement of responsibility, etc. |
edited by Walter Leifer |
| 260 ## - PUBLICATION, DISTRIBUTION, ETC. |
| Place of publication, distribution, etc. |
|
| Name of publisher, distributor, etc. |
Max Hueber Verlag Munchen |
| Date of publication, distribution, etc. |
1965 |
| 440 ## - SERIES STATEMENT/ADDED ENTRY--TITLE |
| Title |
German opinion on problems of today |
| 650 ## - SUBJECT ADDED ENTRY--TOPICAL TERM |
| Topical term or geographic name entry element |
Political science |
| 700 ## - ADDED ENTRY--PERSONAL NAME |
| Personal name |
Leifer, Walter |